000 01058nam a2200253 i 4500
003 DO-SdBNP
005 20240704090327.0
007 ta
008 240704s2024 dr 000 0 spa d
040 _aDO-SdBNP
_bspa
_cBNPHU
_erda
082 _bF293
_222
110 _aFederación Dominicana de Municipios (FEDOMU)
_984131
240 1 _aLeyes, estatutos, etc. [del catálogo antiguo]
245 1 0 _aLey 368-22 :
_bde ordenamiento territorial, uso de suelo y asentamientos humanos /
264 1 _aSanto Domingo
_bFEDOMU,
_c2024.
300 _a62 páginas
_c22 cm.
336 _2rdacontent
_atexto
_btxt
337 _2rdamedia
_asin mediación
_bn
338 _2rdacarrier
_avolumen
_bnc
500 _aEsta publicación se realiza en el marco del proyecto: "Diseño metodológico y elaboración del perfil integral de desarrollo de la región Cibao Norte", ejecutado por Fedomu con el apoyo técnico y financiero de la Agencia de Cooperación Internacional del Japón (JICA)-
590 _aInventariado, 2024/ YL
910 _aYLockward
942 _2ddc
_cLBS1
999 _c57145
_d57145